Banderas de Europa con el color amarillo (o naranja) - Estadísticas

Estadísticas generales
  • Esta prueba ha sido intentada 189 veces
  • La puntuación promedio es 15 de 16
Estadísticas de respuestas
Imagen Respuesta % Correcto
Alemania
98%
Bélgica
98%
Irlanda
98%
Portugal
98%
Suecia
98%
España
97%
Ucrania
97%
Ciudad del vaticano
96%
Rumanía
96%
Andorra
95%
Chipre
95%
Macedonia del norte
94%
Lituania
93%
Bosnia-Herzegovina
89%
Moldavia
87%
Armenia
78%
No se encontraron pruebas coincidentes
Distribución de puntuación
Porcentaje de gente con cada puntuación
Porcentaje por número respondido
Historial de tus puntuaciones
No has intentado esta prueba.